ბათუმის შოთა რუსთაველის სახელმწიფო უნივერსიტეტის ბიბლიოთეკა

Hospitality and Travel Marketing / (ბიბ.ჩანაწერი № 62270)

000 -LEADER
fixed length control field 00664nam a22001937a 4500
005 - DATE AND TIME OF LATEST TRANSACTION
control field 20240911115213.0
008 - FIXED-LENGTH DATA ELEMENTS--GENERAL INFORMATION
fixed length control field 240911s2023 enk||||| |||| 00| 0 eng d
020 ## - INTERNATIONAL STANDARD BOOK NUMBER
International Standard Book Number 9781032274133x
041 ## - LANGUAGE CODE
Language code of text/sound track or separate title eng
080 ## - UNIVERSAL DECIMAL CLASSIFICATION NUMBER
Universal Decimal Classification number 338.47 M-86
100 ## - MAIN ENTRY--PERSONAL NAME
Personal name Morrison, Alastair M.
9 (RLIN) 23116
245 ## - TITLE STATEMENT
Title Hospitality and Travel Marketing /
Statement of responsibility, etc. Alastair M. Morrison.
250 ## - EDITION STATEMENT
Edition statement 5th Edition
264 ## - PRODUCTION, PUBLICATION, DISTRIBUTION, MANUFACTURE, AND COPYRIGHT NOTICE
Place of production, publication, distribution, manufacture New York :
Name of producer, publisher, distributor, manufacturer Routledge,
Date of production, publication, distribution, manufacture, or copyright notice 2023.
300 ## - PHYSICAL DESCRIPTION
Extent 638 p.:
Other physical details ill. ;
Dimensions 26 cm.
653 ## - INDEX TERM--UNCONTROLLED
keyword სტუმართმოყვარეობა და სამოგზაურო მარკეტინგი
653 ## - INDEX TERM--UNCONTROLLED
keyword ტურიზმი
942 ## - ADDED ENTRY ELEMENTS (KOHA)
Source of classification or shelving scheme
Koha item type წიგნი
ეგზემპლარები
Withdrawn status Lost status Source of classification or shelving scheme Damaged status Not for loan Permanent Location Current Location Shelving location Date acquired Serial Enumeration / chronology Full call number Barcode Date last seen Copy number Price effective from Koha item type Public note
          ბათუმის შოთა რუსთაველის სახელმწიფო უნივერსიტეტის მთავარი ბიბლიოთეკა ბათუმის შოთა რუსთაველის სახელმწიფო უნივერსიტეტის მთავარი ბიბლიოთეკა წიგნსაცავი 2024-09-11 147.00 338.47 M-86 68847 2024-09-11 68847 2024-09-11 წიგნი 147 ლ.